The Hunger Games: (Record no. 204011)

MARC details
000 -LEADER
fixed length control field 00648nam a22001937a 4500
005 - DATE AND TIME OF LATEST TRANSACTION
control field 20240911124920.0
010 ## - LCCN (DPL NO)
LC control number ENG- 140823
020 ## - INTERNATIONAL STANDARD BOOK NUMBER
Terms of availability 499.00
International Standard Book Number 9789354714047
035 ## - SYSTEM CONTROL NUMBER
System control number EN-124355
037 ## - SOURCE OF ACQUISITION
Source of stock number/acquisition DBAD
082 ## - DEWEY DECIMAL CLASSIFICATION NUMBER
Classification number N
Edition number 1
100 ## - MAIN ENTRY--PERSONAL NAME
Personal name Collins, Suzanne
245 ## - TITLE STATEMENT
Title The Hunger Games:
Remainder of title Tatching Fire/
Statement of responsibility, etc By Suzanne Collins
260 ## - PUBLICATION, DISTRIBUTION, ETC. (IMPRINT)
Place of publication, distribution, etc Dublin
Name of publisher, distributor, etc Published in the UK by Schoastic,
Date of publication, distribution, etc 2021
270 ## - ADDRESS
City Dublin
Address Euston House, 24 Eversholt street, london, NWI IDb Scholastic Ireland, 89E Lagan Road, Dublin Industrial Estate, Glasnevin,Dublin,
Postal code DII HP5F
300 ## - PHYSICAL DESCRIPTION
Extent 472pg.
Dimensions 20cm(hb)
760 ## - MAIN SERIES ENTRY
Edition 1
942 ## - ADDED ENTRY ELEMENTS (KOHA)
Source of classification or shelving scheme Dewey Decimal Classification
Item type English Books
Classification part N
Call number suffix COL
Edition 1
Holdings
Withdrawn status Lost status Not for loan Collection code Home library Current library Date acquired Source of acquisition Cost, normal purchase price Full call number Barcode Copy number Cost, replacement price Koha item type
      Non-fiction Shahdara Branch Shahdara Branch 08/07/2024 DBDA 499.00 N COL EN-124355 1 499.00 English Books

© Delhi Public Library
Hit Counter
free hit counter